000 00442 a2200157 4500
005 20250627142200.0
020 _a0-07-234037-1
082 _a330 McC
100 _aMcCONNELL, R . C
245 _aMicroeconomics: Principles, Problems, and Policies
250 _a15th Ed.
260 _aBoston
_bMcGraw-Hill Irwin
_c2002.
300 _axxiv,514p.: ill.; figure, pictures
_bIndex, Glossary
_c25cm
700 _aStanley L. Brue
942 _2ddc
_cBKS
999 _c5680
_d5680